Kraków - linia autobusowa nr 135 - Statystyki

Ogólne statystyki
  • Ten quiz został rozwiązany 8 razy
  • Średni wynik to 17 z 19
Statystyki odpowiedzi
Hint Odpowiedź % Poprawnych
11. Bujaka
100%
Pętla Golkowice Pętla
100%
12. Kurdwanów P+R
100%
17. Łagiewniki
100%
Pętla Łagiewniki
100%
14. Millana
100%
10. Myślenicka
100%
9. Swoszowice Autostrada
100%
13. Turowicza
100%
15. Fredry
88%
6.. Sawiczewskich
88%
16. Sucha
88%
7. Swoszowice Szkoła
88%
3. Ukraina
88%
8. Warszewicza
88%
4. Wróblowice
75%
5. Wróblowice Szkoła
75%
2. Zbydniowice
75%
1. Zbydniowicka
75%
Nie znaleziono quizów pasujących do podanych kryteriów
Rozkład punktacji
Procent ludzi z każdym wynikiem
Percentyl według liczby udzielonych odpowiedzi
Twoja historia wyników
Nie rozwiązałeś tego quizu